[Event "XXXIII Memorial Edoardo Crespi Magistrale"]
[Site "Milano ITA"]
[Date "2012.12.02"]
[Round "2"]
[White "Salmoiraghi, Angelo"]
[Black "Novelli, Cristiano"]
[WhiteElo "2174"]
[BlackElo "2051"]
[Result "1/2-1/2"]
[PlyCount "70"]
[EventDate "2012.12.01"]

1. c4 e5 2. g3 Nc6 3. Bg2 d6 4. Nc3 g6 5. e4 Bg7 6. Nge2 Be6 7. d3 Qd7 8. Nd5
Nd8 9. b3 c6 10. Ne3 Ne7 11. Bb2 c5 12. Nd5 Ndc6 13. Nef4 Bxd5 14. cxd5 Nd4 15.
Ne2 O-O 16. O-O Nxe2+ 17. Qxe2 Rab8 18. f4 exf4 19. Bxg7 Kxg7 20. gxf4 Qe8 21.
Qb2+ f6 22. Bh3 b5 23. Be6 Nc6 24. e5 dxe5 25. fxe5 Nxe5 26. Rxf6 Rxf6 27. Qxe5
Rb6 28. Qc7+ Kh6 29. Re1 Rfxe6 30. dxe6 Rxe6 31. Rxe6 Qxe6 32. Qxc5 Qe1+ 33.
Kg2 Qe2+ 34. Kg1 Qe1+ 35. Kg2 Qe2+ 1/2-1/2

[Event "XXXIII Memorial Edoardo Crespi Magistrale"]
[Site "Milano ITA"]
[Date "2012.12.02"]
[Round "2"]
[White "Sanchez, Joseph"]
[Black "Tramalloni, Luca"]
[WhiteElo "2533"]
[BlackElo "2087"]
[Result "1-0"]
[PlyCount "56"]
[EventDate "2012.12.01"]

1. e4 c5 2. Nf3 a6 3. c3 d5 4. exd5 Qxd5 5. d4 e6 6. a3 Nf6 7. Be3 Nbd7 8. Nbd2
cxd4 9. cxd4 Be7 10. Bc4 Qd6 11. O-O O-O 12. Bd3 b5 13. Ne4 Qb8 14. Re1 Nxe4
15. Bxe4 Bb7 16. Bc2 Nf6 17. Ne5 Qd6 18. Rc1 Rfd8 19. Qe2 Bd5 20. Bg5 Rac8 21.
Rcd1 Bc4 22. Nxc4 Rxc4 23. Bb3 Rc7 24. Bd2 Nd5 25. Bxd5 Qxd5 26. Ba5 Rc4 27.
Bxd8 Bxd8 28. Qe5 Be7 1-0

[Event "XXXIII Memorial Edoardo Crespi Magistrale"]
[Site "Milano ITA"]
[Date "2012.12.02"]
[Round "2"]
[White "Sardo, Gabriele"]
[Black "Facchetti, Gianni"]
[WhiteElo "2178"]
[BlackElo "2102"]
[Result "1-0"]
[PlyCount "103"]
[EventDate "2012.12.01"]

1. d4 Nf6 2. c4 e5 3. dxe5 Ng4 4. Nf3 Nc6 5. Bf4 Bb4+ 6. Nc3 Bxc3+ 7. bxc3 Qe7
8. Qd5 f6 9. exf6 Nxf6 10. Qd3 d6 11. g3 Ne4 12. Bg2 Nc5 13. Qe3 Na5 14. Nd2
Ne6 15. h4 Nxf4 16. Qxe7+ Kxe7 17. gxf4 Rf8 18. e3 Be6 19. Ke2 Nxc4 20. Be4 g6
21. Rab1 Nxd2 22. Kxd2 d5 23. Bd3 b6 24. Rbg1 Bf5 25. h5 Kf6 26. hxg6 hxg6 27.
Bxf5 gxf5 28. Rh6+ Ke7 29. Rg7+ Rf7 30. Rxf7+ Kxf7 31. Rh7+ Ke6 32. Rxc7 Kd6
33. Rf7 Ke6 34. Rb7 Kf6 35. Kd3 Ke6 36. Kd4 Kd6 37. Rh7 Rg8 38. Rh6+ Ke7 39.
Kxd5 Rg2 40. Ke5 Rxf2 41. Rh7+ Ke8 42. Kxf5 Rxa2 43. Ke6 Kf8 44. e4 Ra4 45. Kf6
Kg8 46. Re7 Rc4 47. f5 a5 48. e5 Rxc3 49. Re8+ Kh7 50. e6 a4 51. e7 Rc6+ 52.
Kg5 1-0

[Event "XXXIII Memorial Edoardo Crespi Magistrale"]
[Site "Milano ITA"]
[Date "2012.12.02"]
[Round "2"]
[White "Shishkin, Vadim"]
[Black "Massironi, Marco"]
[WhiteElo "2501"]
[BlackElo "2214"]
[Result "1-0"]
[PlyCount "69"]
[EventDate "2012.12.01"]

1. d4 Nf6 2. c4 g6 3. Nc3 d5 4. cxd5 Nxd5 5. Bd2 Bg7 6. e4 Nxc3 7. Bxc3 O-O 8.
Nf3 Bg4 9. Be2 c5 10. d5 Bxc3+ 11. bxc3 Bxf3 12. Bxf3 e5 13. dxe6 Qxd1+ 14.
Rxd1 fxe6 15. Bg4 Re8 16. f4 Kf7 17. Ke2 Nc6 18. Rd7+ Re7 19. Rhd1 Nd4+ 20.
cxd4 Rxd7 21. d5 Rd6 22. Bxe6+ Rxe6 23. dxe6+ Kxe6 24. g4 Rc8 25. Rd5 b5 26.
f5+ gxf5 27. gxf5+ Ke7 28. e5 a5 29. Rd6 c4 30. f6+ Kf8 31. e6 b4 32. Rd7 Re8
33. Rf7+ Kg8 34. Rg7+ Kh8 35. e7 1-0

[Event "XXXIII Memorial Edoardo Crespi Magistrale"]
[Site "Milano ITA"]
[Date "2012.12.02"]
[Round "2"]
[White "Stromboli, Carlo"]
[Black "Iturbide Arnedo, Oscar"]
[WhiteElo "2326"]
[BlackElo "2132"]
[Result "1-0"]
[PlyCount "117"]
[EventDate "2012.12.01"]

1. e4 g6 2. d4 Bg7 3. Nc3 d6 4. h3 a6 5. a4 b6 6. Nf3 e6 7. Bd3 Ne7 8. O-O Nd7
9. Re1 Bb7 10. Ne2 O-O 11. Ng3 c5 12. c3 Nc6 13. Be3 cxd4 14. cxd4 d5 15. e5 f6
16. exf6 Qxf6 17. Bg5 Qf7 18. Be3 Qf6 19. Qd2 e5 20. Bg5 Qf7 21. dxe5 Ndxe5 22.
Nxe5 Nxe5 23. Bf1 h6 24. Bxh6 Bxh6 25. Qxh6 Qxf2+ 26. Kh1 Qxg3 27. Re3 Qf4 28.
Qxf4 Rxf4 29. Rxe5 Raf8 30. Kg1 Rb4 31. Rc1 Rf7 32. Rc2 Rxa4 33. Bd3 Rg7 34.
Re6 Kh7 35. Rxb6 Ra1+ 36. Kh2 Rd1 37. Bxg6+ Rxg6 38. Rxb7+ Kh6 39. Rd7 Rb6 40.
Rc5 Rd2 41. Rcxd5 Rdxb2 42. R7d6+ Kg7 43. h4 Rxd6 44. Rxd6 a5 45. Ra6 Rb5 46.
Kh3 Kh7 47. g4 Rb3+ 48. Kg2 Rb4 49. Kg3 a4 50. h5 Kg7 51. Kh4 Kh7 52. Kg5 Rb5+
53. Kf6 Rb4 54. g5 Rf4+ 55. Ke5 Rh4 56. Ra7+ Kg8 57. Kf6 Rb4 58. Ra8+ Kh7 59.
g6+ 1-0

[Event "XXXIII Memorial Edoardo Crespi Magistrale"]
[Site "Milano ITA"]
[Date "2012.12.02"]
[Round "2"]
[White "Tonndorf, Matthias"]
[Black "Loehnhardt, Benjamin"]
[WhiteElo "2234"]
[BlackElo "2073"]
[Result "0-1"]
[PlyCount "69"]
[EventDate "2012.12.01"]

1. e4 c5 2. Nf3 d6 3. d4 cxd4 4. Nxd4 Nf6 5. Nc3 a6 6. Bg5 e6 7. f4 Be7 8. Qf3
Qa5 9. O-O-O h6 10. Bh4 Qh5 11. Qxh5 Nxh5 12. Bxe7 Kxe7 13. g3 Bd7 14. Be2 Nf6
15. Rd2 Nc6 16. Rhd1 Rad8 17. Nf3 Bc8 18. a3 b5 19. Bd3 Bb7 20. Re1 b4 21. axb4
Nxb4 22. Nd4 Rd7 23. Bf1 Rc7 24. Bg2 Rhc8 25. Kb1 Ba8 26. Na4 Rb8 27. h3 Nd7
28. Nb3 Rc4 29. Nc3 Rc7 30. Red1 Rb6 31. Bf3 Bc6 32. e5 Bxf3 33. exd6+ Rxd6 34.
Rxd6 Bxd1 35. Rxd1 {...} 0-1

[Event "XXXIII Memorial Edoardo Crespi Magistrale"]
[Site "Milano ITA"]
[Date "2012.12.02"]
[Round "2"]
[White "Trella, Thomas"]
[Black "Cani, Gazmir"]
[WhiteElo "2404"]
[BlackElo "2147"]
[Result "1/2-1/2"]
[PlyCount "65"]
[EventDate "2012.12.01"]

1. c4 Nf6 2. g3 g6 3. Bg2 Bg7 4. Nc3 O-O 5. d4 d6 6. Nf3 Nc6 7. O-O a6 8. d5
Na5 9. b3 c5 10. dxc6 Nxc6 11. Bb2 Nd7 12. Qc1 Nde5 13. Nxe5 Nxe5 14. Rd1 Nd7
15. Nd5 Bxb2 16. Qxb2 Rb8 17. b4 b6 18. Rac1 Bb7 19. Qd4 Bxd5 20. cxd5 b5 21.
Rc6 a5 22. a3 Ne5 23. Rc3 axb4 24. Qxb4 Nd7 25. e3 Nc5 26. Rb1 Rb6 27. Bf1 Qa8
28. e4 Rfb8 29. Re3 Ra6 30. Qc3 Rab6 31. Qd4 Ra6 32. Qc3 Rab6 33. Qd4 1/2-1/2

[Event "XXXIII Memorial Edoardo Crespi Magistrale"]
[Site "Milano ITA"]
[Date "2012.12.02"]
[Round "2"]
[White "Vezzosi, Paolo"]
[Black "Solodovnichenko, Yuri"]
[WhiteElo "2307"]
[BlackElo "2557"]
[Result "0-1"]
[PlyCount "54"]
[EventDate "2012.12.01"]

1. e4 c5 2. Nf3 e6 3. c3 Nf6 4. e5 Nd5 5. d4 cxd4 6. cxd4 d6 7. Bc4 Nc6 8. O-O
Be7 9. Qe2 O-O 10. Nc3 Nxc3 11. bxc3 dxe5 12. dxe5 Qc7 13. Bf4 b6 14. Bd3 Bb7
15. Rac1 Rac8 16. h4 Na5 17. Nd4 Nc4 18. Rfe1 Rfd8 19. Qh5 g6 20. Qg4 Ba3 21.
Rb1 Nb2 22. Nb5 Qc5 23. Bf1 Nd3 24. Be3 Qf8 25. Bxd3 Rxd3 26. Qa4 Bc5 27. Bd4
Qe8 0-1

[Event "XXXIII Memorial Edoardo Crespi Magistrale"]
[Site "Milano ITA"]
[Date "2012.12.02"]
[Round "2"]
[White "Welling, Gerard"]
[Black "Villa, Giorgio"]
[WhiteElo "2338"]
[BlackElo "1972"]
[Result "1-0"]
[PlyCount "45"]
[EventDate "2012.12.01"]

1. d4 d5 2. e3 Nf6 3. Bd3 c5 4. c3 Nc6 5. Nd2 e6 6. f4 Be7 7. Ngf3 Qc7 8. Ne5
Nd7 9. O-O b6 10. Qh5 g6 11. Qh6 Bf8 12. Qh3 Bg7 13. Ndf3 Ndxe5 14. fxe5 f6 15.
exf6 Bxf6 16. e4 O-O 17. e5 Bg7 18. Be3 c4 19. Bxg6 hxg6 20. Ng5 Rf5 21. Qh7+
Kf8 22. g4 Qe7 23. Qxg6 1-0

[Event "XXXIII Memorial Edoardo Crespi Magistrale"]
[Site "Milano ITA"]
[Date "2012.12.03"]
[Round "3"]
[White "Aleksic, Nenad"]
[Black "Quaranta, Cristiano"]
[WhiteElo "2347"]
[BlackElo "2102"]
[Result "1/2-1/2"]
[PlyCount "53"]
[EventDate "2012.12.01"]

1. e4 e6 2. d4 d5 3. Nc3 Nf6 4. e5 Nfd7 5. Nf3 c5 6. dxc5 Nc6 7. Bf4 a6 8. Bd3
Be7 9. Qd2 Nxc5 10. O-O O-O 11. a3 f5 12. exf6 Bxf6 13. Bg3 Kh8 14. Rfe1 Qb6
15. Rab1 Nxd3 16. cxd3 Nd4 17. Ne5 Nc6 18. Nxc6 Qxc6 19. Be5 Bd7 20. d4 Bxe5
21. Rxe5 Rf6 22. f4 Raf8 23. g3 Qb6 24. Rbe1 Rf5 25. Rxf5 Rxf5 26. Re3 Rf8 27.
Kg2 1/2-1/2

[Event "XXXIII Memorial Edoardo Crespi Magistrale"]
[Site "Milano ITA"]
[Date "2012.12.03"]
[Round "3"]
[White "Andreoni, Giuseppe"]
[Black "Napoli, Nicolo'"]
[WhiteElo "2101"]
[BlackElo "2296"]
[Result "1-0"]
[PlyCount "45"]
[EventDate "2012.12.01"]

1. e4 g6 2. d4 Bg7 3. Nf3 c5 4. dxc5 Qa5+ 5. Nc3 Qxc5 6. Nd5 Qa5+ 7. Bd2 Qd8 8.
Bc4 Nc6 9. O-O e6 10. Re1 Nf6 11. Bf4 O-O 12. Bc7 Qe8 13. Bd6 Nxd5 14. exd5 Na5
15. Bd3 Bxb2 16. Qd2 b6 17. c3 Bxa1 18. Qh6 f5 19. Ng5 Rf7 20. Bxf5 Rg7 21. Be5
Qf8 22. Bxg6 Qe7 23. d6 1-0

[Event "XXXIII Memorial Edoardo Crespi Magistrale"]
[Site "Milano ITA"]
[Date "2012.12.03"]
[Round "3"]
[White "Astengo, Corrado"]
[Black "Vezzosi, Paolo"]
[WhiteElo "2164"]
[BlackElo "2307"]
[Result "0-1"]
[PlyCount "66"]
[EventDate "2012.12.01"]

1. e4 e5 2. Nf3 Nc6 3. d4 exd4 4. Nxd4 Nf6 5. Nxc6 bxc6 6. e5 Qe7 7. Qe2 Nd5 8.
c4 Nb6 9. b3 Qe6 10. g3 Bb4+ 11. Bd2 a5 12. Bg2 O-O 13. O-O Re8 14. Re1 d5 15.
cxd5 cxd5 16. Bxb4 axb4 17. Qb5 Qe7 18. Nd2 Bd7 19. Qd3 Ra5 20. Rac1 c6 21. Qe3
c5 22. a4 bxa3 23. b4 d4 24. Qd3 Bb5 25. Qe4 cxb4 26. Qxd4 Na4 27. Nb3 Ra7 28.
Nc5 Nc3 29. Bf3 Rc7 30. e6 Qxc5 31. exf7+ Kxf7 32. Bh5+ g6 33. Qf4+ Kg7 0-1

[Event "XXXIII Memorial Edoardo Crespi Magistrale"]
[Site "Milano ITA"]
[Date "2012.12.03"]
[Round "3"]
[White "Bemporad, Filippo"]
[Black "Manfredi, Vincenzo"]
[WhiteElo "2046"]
[BlackElo "2230"]
[Result "0-1"]
[PlyCount "98"]
[EventDate "2012.12.01"]

1. d4 Nf6 2. Nf3 g6 3. c4 Bg7 4. Nc3 O-O 5. e4 d6 6. Be2 c5 7. O-O cxd4 8. Nxd4
Nc6 9. Be3 Bd7 10. Rc1 Nxd4 11. Bxd4 Bc6 12. f3 a5 13. b3 Nd7 14. Bxg7 Kxg7 15.
Qd4+ Kg8 16. Nd5 Nc5 17. Rfd1 Bxd5 18. cxd5 Qb6 19. Rc4 Rfc8 20. Rdc1 Qd8 21.
f4 b5 22. R4c3 b4 23. Rc4 a4 24. Rxb4 axb3 25. axb3 Rcb8 26. Rb1 Rxb4 27. Qxb4
Rb8 28. Qc4 Qb6 29. Kh1 Qb4 30. e5 Qd2 31. b4 Qe3 32. exd6 Ne4 33. h3 exd6 34.
Bf3 Nd2 35. Qc1 Qd3 36. Rb2 Nxf3 37. gxf3 Qxf3+ 38. Kh2 Re8 39. b5 Re3 40. Qc8+
Kg7 41. Qg4 Qe4 42. Rf2 Qxd5 43. f5 Qe5+ 44. Kg2 f6 45. fxg6 hxg6 46. b6 f5 47.
Qg5 Rb3 48. Ra2 Qe4+ 49. Kh2 Rxb6 0-1

[Event "XXXIII Memorial Edoardo Crespi Magistrale"]
[Site "Milano ITA"]
[Date "2012.12.03"]
[Round "3"]
[White "Bentivegna, Francesco"]
[Black "Coppola, Federico"]
[WhiteElo "2335"]
[BlackElo "1940"]
[Result "1-0"]
[PlyCount "77"]
[EventDate "2012.12.01"]

1. e4 c5 2. c3 Nf6 3. e5 Nd5 4. d4 cxd4 5. Nf3 Nc6 6. cxd4 d6 7. Bc4 Nb6 8. Bb3
dxe5 9. d5 Na5 10. Nc3 Nxb3 11. Qxb3 g6 12. Nxe5 Bg7 13. Bf4 O-O 14. Rd1 e6 15.
dxe6 Qf6 16. exf7+ Kh8 17. Bg3 Qf5 18. Qb5 Nd7 19. Rxd7 Bxd7 20. Qxd7 Qxd7 21.
Nxd7 Rxf7 22. Nc5 Re7+ 23. Kd1 Bxc3 24. bxc3 Rc8 25. Bh4 Rf7 26. Ne4 Rc4 27. f3
Ra4 28. Re1 Rd7+ 29. Kc2 Rxa2+ 30. Kb3 Rxg2 31. Bf6+ Kg8 32. Bd4 Kf7 33. h4 h6
34. Bxa7 Rh2 35. Bf2 Rd3 36. Bd4 g5 37. hxg5 hxg5 38. Nxg5+ Kg6 39. f4 1-0

[Event "XXXIII Memorial Edoardo Crespi Magistrale"]
[Site "Milano ITA"]
[Date "2012.12.03"]
[Round "3"]
[White "Cani, Gazmir"]
[Black "Salmoiraghi, Angelo"]
[WhiteElo "2147"]
[BlackElo "2174"]
[Result "1-0"]
[PlyCount "61"]
[EventDate "2012.12.01"]

1. d4 Nf6 2. Bg5 d5 3. Bxf6 gxf6 4. c4 dxc4 5. Nc3 c5 6. d5 Qa5 7. e4 b5 8. Nf3
Nd7 9. Be2 Ne5 10. Nxe5 fxe5 11. O-O Bg7 12. Bh5 O-O 13. Ne2 e6 14. Ng3 exd5
15. Qxd5 Be6 16. Qxc5 Rac8 17. Qe3 c3 18. bxc3 Rxc3 19. Qg5 f6 20. Qh4 Qb4 21.
Bg4 f5 22. Rab1 Qa4 23. exf5 Bxf5 24. Nxf5 Rxf5 25. Rxb5 Rc4 26. Qd8+ Rf8 27.
Qd5+ Kh8 28. Bd1 Qxa2 29. Bb3 Qxf2+ 30. Rxf2 Rc1+ 31. Bd1 1-0

[Event "XXXIII Memorial Edoardo Crespi Magistrale"]
[Site "Milano ITA"]
[Date "2012.12.03"]
[Round "3"]
[White "Collutiis, Duilio"]
[Black "Shishkin, Vadim"]
[WhiteElo "2495"]
[BlackElo "2501"]
[Result "1/2-1/2"]
[PlyCount "59"]
[EventDate "2012.12.01"]

1. e4 c5 2. Nf3 Nc6 3. Bb5 g6 4. Bxc6 dxc6 5. d3 Bg7 6. h3 Nh6 7. O-O b6 8. a4
a5 9. Be3 f6 10. Na3 Nf7 11. Nc4 O-O 12. b4 axb4 13. a5 bxa5 14. Bxc5 Be6 15.
Nb6 Ra6 16. Nd4 Bd7 17. Nxd7 Qxd7 18. Nb3 Rfa8 19. Ra4 e5 20. Qa1 Qc8 21. Qa2
Bf8 22. Ra1 Kg7 23. Bxf8+ Qxf8 24. Qb2 Nd8 25. Rxa5 Rxa5 26. Rxa5 Rxa5 27. Nxa5
Qc5 28. Nc4 Ne6 29. Qa2 Nd4 30. Ne3 1/2-1/2

[Event "XXXIII Memorial Edoardo Crespi Magistrale"]
[Site "Milano ITA"]
[Date "2012.12.03"]
[Round "3"]
[White "Damia, Angelo"]
[Black "Sardo, Gabriele"]
[WhiteElo "2281"]
[BlackElo "2178"]
[Result "0-1"]
[PlyCount "82"]
[EventDate "2012.12.01"]

1. e4 c5 2. d4 cxd4 3. c3 Nf6 4. e5 Nd5 5. cxd4 d6 6. Nf3 Nc6 7. Bc4 Nb6 8. Bb5
dxe5 9. Nxe5 Bd7 10. Bxc6 Bxc6 11. Nxc6 bxc6 12. O-O g6 13. Re1 Bg7 14. Bg5
Qxd4 15. Qxd4 Bxd4 16. Bxe7 Kd7 17. Ba3 Rhe8 18. Nd2 Na4 19. Nc4 c5 20. Kf1 Kc6
21. Rad1 Rab8 22. Rxe8 Rxe8 23. Rd2 Re6 24. b3 Kb5 25. Re2 Rxe2 26. Kxe2 Nc3+
27. Kd3 f5 28. Bb2 Nxa2 29. Bxd4 Nb4+ 30. Kc3 Nd5+ 31. Kd3 Nf4+ 32. Ke3 Nxg2+
33. Kf3 Nh4+ 34. Kg3 cxd4 35. Kxh4 Kb4 36. Nd2 Kc3 37. Nf3 d3 38. Kg5 d2 39.
Nxd2 Kxd2 40. Kh6 Kc3 41. Kxh7 Kxb3 0-1

[Event "XXXIII Memorial Edoardo Crespi Magistrale"]
[Site "Milano ITA"]
[Date "2012.12.03"]
[Round "3"]
[White "Esposito, Luca"]
[Black "Sanchez, Joseph"]
[WhiteElo "2299"]
[BlackElo "2533"]
[Result "0-1"]
[PlyCount "76"]
[EventDate "2012.12.01"]

1. d4 d5 2. c4 e6 3. Nf3 c6 4. e3 Nf6 5. b3 Nbd7 6. Bd3 b6 7. O-O Bb7 8. Bb2
Be7 9. Nbd2 c5 10. Qe2 O-O 11. Rfd1 Qc7 12. e4 dxe4 13. Nxe4 Rfe8 14. dxc5 bxc5
15. Nfg5 Nxe4 16. Nxe4 f5 17. Ng3 Bf6 18. Bxf6 Nxf6 19. f3 g6 20. Rd2 Rad8 21.
Rad1 e5 22. Bc2 Rd4 23. Qe1 Kf7 24. Ne2 Rxd2 25. Qxd2 e4 26. fxe4 Bxe4 27. Bxe4
Rxe4 28. Nc3 Rd4 29. Qe2 Qd7 30. Re1 Rd2 31. Qe5 Qd4+ 32. Qxd4 cxd4 33. Nd5 Ne4
34. g4 Ke6 35. gxf5+ gxf5 36. a4 Ke5 37. a5 d3 38. Nc3 Rc2 0-1

[Event "XXXIII Memorial Edoardo Crespi Magistrale"]
[Site "Milano ITA"]
[Date "2012.12.03"]
[Round "3"]
[White "Facchetti, Gianni"]
[Black "Iudicello, Giovanni"]
[WhiteElo "2102"]
[BlackElo "2149"]
[Result "1/2-1/2"]
[PlyCount "69"]
[EventDate "2012.12.01"]

1. e4 e5 2. Nf3 Nc6 3. Bc4 Bc5 4. d3 d6 5. Nc3 Nf6 6. Bg5 h6 7. Bxf6 Qxf6 8.
Nd5 Qd8 9. c3 a6 10. d4 Ba7 11. h3 O-O 12. O-O Re8 13. Re1 Be6 14. dxe5 Nxe5
15. Nxe5 dxe5 16. Bb3 c6 17. Ne3 Qg5 18. Qf3 Rad8 19. Bxe6 Rxe6 20. Rad1 Bxe3
21. Rxe3 Red6 22. Rxd6 Rxd6 23. Qe2 Qd8 24. Qh5 Qf6 25. Qe2 Qg5 26. g3 Qd8 27.
Qh5 f6 28. Qe2 b5 29. Qc2 Rd1+ 30. Kg2 c5 31. Qb3+ c4 32. Qa3 g5 33. Qc5 Qd7
34. a4 bxa4 35. Qxc4+ 1/2-1/2

[Event "XXXIII Memorial Edoardo Crespi Magistrale"]
[Site "Milano ITA"]
[Date "2012.12.03"]
[Round "3"]
[White "Gongalov, Bojan"]
[Black "Agrifoglio, Fabio"]
[WhiteElo "2116"]
[BlackElo "1984"]
[Result "1-0"]
[PlyCount "91"]
[EventDate "2012.12.01"]

1. Nf3 c5 2. g3 Nc6 3. d4 cxd4 4. Nxd4 Qb6 5. Nb3 g6 6. Nc3 e6 7. e4 a6 8. Bg2
Bg7 9. Be3 Qc7 10. Bf4 Be5 11. Be3 Nge7 12. f4 Bxc3+ 13. bxc3 d6 14. Qd2 Bd7
15. Rd1 Nc8 16. c4 a5 17. c5 a4 18. cxd6 Nxd6 19. Nc5 Nc4 20. Qc3 Qa5 21. Qxa5
Rxa5 22. Bf2 Bc8 23. e5 O-O 24. Ne4 Nb4 25. Bc5 Rxc5 26. Nxc5 Ne3 27. Rd2 b6
28. Ne4 Nbxc2+ 29. Kf2 Ba6 30. Nf6+ Kg7 31. Be4 Rc8 32. Rc1 Rc3 33. Rcxc2 Nxc2
34. Rxc2 Ra3 35. Ne8+ Kh6 36. Nd6 b5 37. Nxf7+ Kg7 38. Ng5 b4 39. Rc7+ Kg8 40.
Nxh7 Rxa2+ 41. Kf3 Ra3+ 42. Kg4 Re3 43. Nf6+ Kf8 44. Ra7 Bb5 45. Bxg6 b3 46.
Rf7# 1-0

[Event "XXXIII Memorial Edoardo Crespi Magistrale"]
[Site "Milano ITA"]
[Date "2012.12.03"]
[Round "3"]
[White "Iturbide Arnedo, Oscar"]
[Black "Pelizzola, Danilo"]
[WhiteElo "2132"]
[BlackElo "2062"]
[Result "1-0"]
[PlyCount "59"]
[EventDate "2012.12.01"]

1. e4 c5 2. Nc3 Nc6 3. g3 g6 4. Bg2 Bg7 5. d3 Nf6 6. f4 d6 7. Nf3 O-O 8. O-O
Bd7 9. h3 e6 10. g4 a6 11. f5 exf5 12. exf5 gxf5 13. Bg5 Qa5 14. Nh4 Nd4 15.
Qd2 Kh8 16. Rf2 Rae8 17. Raf1 b5 18. Nxf5 Nxf5 19. gxf5 Rg8 20. Qf4 Re5 21. Qh4
Ne8 22. Kh1 f6 23. Bf4 Qb4 24. Nd5 Qd4 25. c3 Qxd3 26. Bxe5 dxe5 27. Ne7 Rf8
28. Ng6+ Kg8 29. Nxf8 Kxf8 30. Qxh7 1-0

[Event "XXXIII Memorial Edoardo Crespi Magistrale"]
[Site "Milano ITA"]
[Date "2012.12.03"]
[Round "3"]
[White "Jara, Erik"]
[Black "Ricci, Marco"]
[WhiteElo "2173"]
[BlackElo "2084"]
[Result "1/2-1/2"]
[PlyCount "68"]
[EventDate "2012.12.01"]

1. c4 e5 2. Nc3 Nf6 3. Nf3 Nc6 4. g3 d5 5. cxd5 Nxd5 6. Bg2 Nb6 7. O-O Be7 8.
a3 O-O 9. b4 Be6 10. Bb2 Nc4 11. Bc1 f6 12. d3 Nd6 13. Bd2 Qd7 14. Rb1 a6 15.
Ne1 Nb5 16. a4 Nxc3 17. Bxc3 Bd5 18. b5 Nd4 19. e3 Bxg2 20. Nxg2 Ne6 21. Qc2
axb5 22. axb5 Ra3 23. Rfd1 Bc5 24. d4 exd4 25. exd4 Bd6 26. Ne3 Rfa8 27. Nc4
Ra2 28. Qf5 g6 29. Qd5 Kg7 30. Nxd6 Qxd6 31. Qxd6 cxd6 32. d5 Ng5 33. Kg2 Rxf2+
34. Kxf2 Ne4+ 1/2-1/2

[Event "XXXIII Memorial Edoardo Crespi Magistrale"]
[Site "Milano ITA"]
[Date "2012.12.03"]
[Round "3"]
[White "Lapiccirella, Mattia"]
[Black "Cazzaniga, Walter"]
[WhiteElo "2197"]
[BlackElo "2146"]
[Result "0-1"]
[PlyCount "88"]
[EventDate "2012.12.01"]

1. d4 Nf6 2. c4 g6 3. Nc3 Bg7 4. e4 d6 5. Be2 O-O 6. Nf3 e5 7. d5 a5 8. Bg5 h6
9. Bh4 Na6 10. Nd2 Qe8 11. O-O Nh7 12. a3 Bd7 13. b3 f5 14. f3 f4 15. Rb1 g5
16. Bf2 Rf6 17. b4 axb4 18. axb4 Bf8 19. Nb5 h5 20. Ra1 Qg6 21. Kh1 g4 22. Bh4
Rf7 23. Qb3 Kh8 24. Qb2 Re8 25. Nc3 g3 26. Rfc1 gxh2 27. Nf1 Rg7 28. Bd1 Nxb4
29. Nxh2 Nd3 30. Qd2 Nxc1 31. Rxc1 Bh3 32. Rc2 Ra8 33. Qf2 Bd7 34. Rb2 b6 35.
Rb1 Be7 36. Bxe7 Rxe7 37. Nf1 Ng5 38. Bb3 Rh7 39. Qh4 Rg7 40. Rb2 Ra3 41. Qh2
h4 42. Nb5 Ra1 43. Ba2 h3 44. gxh3 Nxe4 0-1

[Event "XXXIII Memorial Edoardo Crespi Magistrale"]
[Site "Milano ITA"]
[Date "2012.12.03"]
[Round "3"]
[White "Loehnhardt, Benjamin"]
[Black "Stromboli, Carlo"]
[WhiteElo "2073"]
[BlackElo "2326"]
[Result "0-1"]
[PlyCount "92"]
[EventDate "2012.12.01"]

1. e4 e5 2. Bc4 Nf6 3. d3 Nc6 4. Bg5 Na5 5. Nf3 Nxc4 6. dxc4 Be7 7. Nc3 d6 8.
Qd3 O-O 9. Bxf6 Bxf6 10. Nd5 g6 11. Ne3 Bg7 12. O-O-O Be6 13. g4 Qf6 14. Nd2
Bh6 15. f3 Qh4 16. Nd5 Rac8 17. Kb1 Rfd8 18. Nf1 c6 19. Nc3 Rc7 20. Qe2 Rcd7
21. b3 d5 22. cxd5 cxd5 23. exd5 Bxd5 24. Nxd5 Rxd5 25. Rxd5 Rxd5 26. Ne3 Rd4
27. c3 Rd8 28. c4 e4 29. Nd5 exf3 30. Qxf3 Bg7 31. Qf4 Re8 32. Rd1 h6 33. Kc2
Qd8 34. Qd2 Qd6 35. Re1 Rxe1 36. Qxe1 Qxh2+ 37. Kd1 Be5 38. Qe3 b6 39. a4 Kg7
40. a5 bxa5 41. g5 Qh5+ 42. Kc2 Qxg5 43. Qxa7 Qg2+ 44. Kd1 Qf3+ 45. Ke1 Qxb3
46. Nc7 Qg3+ 0-1

[Event "XXXIII Memorial Edoardo Crespi Magistrale"]
[Site "Milano ITA"]
[Date "2012.12.03"]
[Round "3"]
[White "Maiorov, Nikita"]
[Black "Martinez, Rolly"]
[WhiteElo "2541"]
[BlackElo "2441"]
[Result "1/2-1/2"]
[PlyCount "61"]
[EventDate "2012.12.01"]

1. d4 Nf6 2. c4 e6 3. Nc3 Bb4 4. Qc2 O-O 5. a3 Bxc3+ 6. Qxc3 d5 7. Nf3 dxc4 8.
Qxc4 b6 9. Bg5 Ba6 10. Qa4 Qd7 11. Qc2 Rc8 12. Rd1 Qc6 13. Qxc6 Nxc6 14. Bxf6
gxf6 15. e3 Bxf1 16. Rxf1 Na5 17. Nd2 Nb7 18. Ne4 f5 19. Nc3 c5 20. d5 Rd8 21.
Ke2 Kf8 22. f3 Ke7 23. e4 Rg8 24. g3 fxe4 25. fxe4 Rg5 26. Rd3 Rd8 27. dxe6
Rxd3 28. Kxd3 fxe6 29. Nb1 b5 30. b3 Na5 31. Kc2 1/2-1/2

[Event "XXXIII Memorial Edoardo Crespi Magistrale"]
[Site "Milano ITA"]
[Date "2012.12.03"]
[Round "3"]
[White "Marholev, Dimitar"]
[Black "Mirzoev, Azer"]
[WhiteElo "2313"]
[BlackElo "2553"]
[Result "1/2-1/2"]
[PlyCount "62"]
[EventDate "2012.12.01"]

1. e4 e5 2. Nf3 Nc6 3. Bb5 a6 4. Ba4 Nge7 5. c3 d6 6. d4 Bd7 7. dxe5 dxe5 8.
Bb3 h6 9. Nbd2 Ng6 10. Nc4 Bc5 11. Be3 Qe7 12. Bxc5 Qxc5 13. Ne3 Rd8 14. g3 O-O
15. Nd2 Nce7 16. h4 a5 17. h5 Nh8 18. a4 Kh7 19. Qb1 f6 20. Qa2 Be8 21. Qa3
Qxa3 22. Rxa3 Nf7 23. Nd5 Nxd5 24. Bxd5 Nd6 25. Ke2 Bf7 26. c4 f5 27. f3 fxe4
28. fxe4 c6 29. Bxf7 Rxf7 30. Rd3 Rfd7 31. Rd1 Ne8 1/2-1/2

[Event "XXXIII Memorial Edoardo Crespi Magistrale"]
[Site "Milano ITA"]
[Date "2012.12.03"]
[Round "3"]
[White "Massironi, Marco"]
[Black "Moroni, Luca jr"]
[WhiteElo "2214"]
[BlackElo "2114"]
[Result "0-1"]
[PlyCount "68"]
[EventDate "2012.12.01"]

1. e4 c5 2. Nf3 d6 3. d4 Nf6 4. Nc3 cxd4 5. Nxd4 a6 6. Bg5 e6 7. Qe2 Be7 8. f4
h6 9. Bh4 Nxe4 10. Bxe7 Nxc3 11. Qc4 Kxe7 12. Qxc3 Qb6 13. O-O-O Bd7 14. Bc4
Nc6 15. Nxe6 Bxe6 16. Bxe6 Kxe6 17. Rhe1+ Kd7 18. Qxg7 Rhf8 19. Qxh6 Qc5 20.
Qf6 Kc7 21. a3 Rae8 22. Rxe8 Rxe8 23. Qxf7+ Re7 24. Qf8 Kb6 25. Qf6 Re2 26. c3
Qf2 27. c4 Qxg2 28. Rxd6 Qg1+ 29. Rd1 Qxh2 30. Kb1 Rf2 31. Rd6 Rxf4 32. Qd8+
Ka7 33. Qc7 Rxc4 34. Ka2 Nb4+ 0-1

[Event "XXXIII Memorial Edoardo Crespi Magistrale"]
[Site "Milano ITA"]
[Date "2012.12.03"]
[Round "3"]
[White "Motola, Jacopo"]
[Black "Lapiccirella, Daniele"]
[WhiteElo "1993"]
[BlackElo "2210"]
[Result "1/2-1/2"]
[PlyCount "49"]
[EventDate "2012.12.01"]

1. e4 c5 2. Nf3 e6 3. c3 Nf6 4. e5 Nd5 5. d4 cxd4 6. cxd4 d6 7. Bc4 Nb6 8. Bb5+
Bd7 9. Bxd7+ Qxd7 10. O-O Nc6 11. Nc3 Be7 12. Qe2 d5 13. Rd1 h6 14. a4 Na5 15.
Qb5 Qxb5 16. axb5 Nb3 17. Ra2 Kd7 18. Be3 a6 19. bxa6 Rxa6 20. Rxa6 bxa6 21.
Nd2 Nxd2 22. Bxd2 Nc4 23. Na4 Nxd2 24. Rxd2 Rb8 25. Rd3 1/2-1/2